[Event "East Detroit (MCO/1)"]
[Site "?"]
[Date "1983.??.??"]
[Round "?"]
[White "Harrold, Alvin"]
[Black "Gaba, H.."]
[Result "1/2-1/2"]
[WhiteElo "1820"]
[BlackElo "1825"]
[PlyCount "94"]
[EventDate "1983.??.??"]

1. Nf3 d5 2. c4 Nf6 3. cxd5 Nxd5 4. g3 Nc6 5. Bg2 e5 6. Nc3 Nxc3 7. bxc3 Bd6 8.
d3 O-O 9. Bg5 Be7 10. Bxe7 Qxe7 11. O-O Bd7 12. Rb1 Rab8 13. Nd2 Be6 14. Qa4
Bd7 15. Qc2 Be6 16. Rb2 Qd7 17. Rfb1 b6 18. Qa4 Na5 19. Rb5 f6 20. c4 Rfd8 21.
Qa3 Qd6 22. Qxd6 cxd6 23. Nb3 Bd7 24. Bd5+ Kf8 25. Rb4 Nc6 26. Ra4 a5 27. Ra3
Nb4 28. Nd2 Bc6 29. Bxc6 Nxc6 30. e3 Nb4 31. Rab3 Nxa2 32. Rxb6 Rxb6 33. Rxb6
Nb4 34. d4 exd4 35. exd4 Nc2 36. d5 a4 37. Ra6 a3 38. Nb1 Rc8 39. Nxa3 Nxa3 40.
Rxa3 Rxc4 41. Ra8+ Ke7 42. Ra7+ Kf8 43. Ra8+ Ke7 44. Ra7+ Kf8 45. Rd7 Rd4 46.
Rxd6 Ke7 47. Re6+ Kf7 1/2-1/2

[Event "East Detroit (MCO/3)"]
[Site "?"]
[Date "1983.??.??"]
[Round "?"]
[White "Harma, K.."]
[Black "Nowicki, B.."]
[Result "0-1"]
[WhiteElo "1780"]
[BlackElo "1605"]
[PlyCount "98"]
[EventDate "1983.??.??"]

1. Nc3 e6 2. g3 Nf6 3. Bg2 d5 4. e3 c6 5. a3 g6 6. Nf3 Nbd7 7. O-O Bg7 8. d4
Ne4 9. Nxe4 dxe4 10. Nd2 f5 11. f3 exf3 12. Nxf3 O-O 13. c4 Rf7 14. Qd3 Nf8 15.
Qb3 Qb6 16. Qa2 Bf6 17. c5 Qd8 18. Bd2 Kg7 19. Bc3 Qe8 20. Rf2 Bd7 21. Raf1 h6
22. g4 Nh7 23. Qb3 Rb8 24. h4 b5 25. g5 hxg5 26. hxg5 Nxg5 27. d5 Nxf3+ 28.
Bxf3 exd5 29. Bd2 Qe7 30. Rg2 Rh8 31. Qd1 Qxc5 32. Bh5 Rh6 33. b4 Qd6 34. e4
Bd4+ 35. Kh1 f4 36. Bxf4 Rxf4 37. Rxf4 Qxf4 38. Qxd4+ Kh7 39. Rf2 Rxh5+ 40. Kg1
Qg3+ 41. Kf1 Rh1+ 42. Ke2 Bg4+ 43. Kd2 Rd1+ 44. Kc2 Rxd4 45. Rf7+ Kh6 46. exd5
Qd3+ 47. Kb2 Bd1 48. dxc6 Qb3+ 49. Ka1 Rd2 0-1

[Event "East Detroit (MCO/5)"]
[Site "?"]
[Date "1983.??.??"]
[Round "?"]
[White "Harma, K.."]
[Black "Koteles, M.."]
[Result "0-1"]
[WhiteElo "1780"]
[BlackElo "1605"]
[PlyCount "98"]
[EventDate "1983.??.??"]

1. g3 Nf6 2. Bg2 g6 3. c4 Bg7 4. Nc3 c5 5. e3 O-O 6. Nge2 Nc6 7. d4 cxd4 8.
exd4 e6 9. b3 d5 10. cxd5 Nxd5 11. Nxd5 exd5 12. O-O Bg4 13. f3 Be6 14. Be3 Re8
15. Qd2 Qa5 16. Nc3 Rac8 17. Rac1 Bf5 18. Rfd1 Ne7 19. g4 Bd7 20. Rc2 Nc6 21.
h3 Nb4 22. Rcc1 Be6 23. a4 Qb6 24. Nb5 Rxc1 25. Rxc1 Nc6 26. Rc5 a6 27. Nd6 Rd8
28. Ne4 dxe4 29. d5 Qxb3 30. fxe4 Ne5 31. Bh6 Qb6 32. Be3 Qb3 33. Qf2 Nd3 34.
Qh4 Qb6 35. a5 Qd6 36. dxe6 Nxc5 37. exf7+ Kh8 38. Bf4 Qf8 39. e5 Rd1+ 40. Kh2
Qxf7 41. Bg3 Ne6 42. g5 Rd4 43. Be4 Nc5 44. e6 Qxe6 45. Qf4 Rxe4 46. Qb8+ Qe8
47. Qa7 Re2+ 48. Kg1 Qe3+ 49. Kf1 Qf3+ 0-1

[Event "East Detroit (MCO/1)"]
[Site "?"]
[Date "1983.??.??"]
[Round "?"]
[White "Harma, K.."]
[Black "Donaldson, J.."]
[Result "0-1"]
[WhiteElo "1780"]
[BlackElo "2450"]
[PlyCount "40"]
[EventDate "1983.??.??"]

1. Nc3 c5 2. Nf3 Nc6 3. d4 cxd4 4. Nxd4 g6 5. Be3 Bg7 6. Nxc6 bxc6 7. Bd4 Nf6
8. Ne4 O-O 9. Nxf6+ exf6 10. g3 Re8 11. Bg2 Ba6 12. Bf3 Qe7 13. b3 d5 14. Qd2
c5 15. Be3 d4 16. Qa5 Bb7 17. Bxb7 Qxb7 18. O-O dxe3 19. fxe3 Qb6 20. Qa4 Rxe3
0-1

[Event "East Detroit (MCO/2)"]
[Site "?"]
[Date "1983.??.??"]
[Round "?"]
[White "Haley, W.."]
[Black "Suess, J.."]
[Result "0-1"]
[WhiteElo "1605"]
[BlackElo "1605"]
[PlyCount "44"]
[EventDate "1983.??.??"]

1. e4 a6 2. Nf3 Nc6 3. d4 e6 4. a3 d6 5. Bd3 Be7 6. Nc3 Nf6 7. Be3 Ng4 8. Bd2
Bf6 9. Ne2 e5 10. d5 Ne7 11. h3 Nh6 12. Ng3 Ng6 13. Qc1 Ng8 14. c4 h6 15. b4
Nh4 16. Be2 Nxg2+ 17. Kf1 Nf4 18. c5 Bxh3+ 19. Ke1 Bg2 20. Rg1 Bxf3 21. Ra2
Bxe2 22. Nxe2 Nd3+ 0-1

[Event "Ann Arbor (MI Op/2)"]
[Site "?"]
[Date "1983.??.??"]
[Round "?"]
[White "Hahn, David"]
[Black "Kirshner, A.."]
[Result "1/2-1/2"]
[WhiteElo "2135"]
[BlackElo "1790"]
[PlyCount "42"]
[EventDate "1983.??.??"]

1. g3 Nf6 2. Bg2 d5 3. Nf3 Bg4 4. O-O Nbd7 5. d4 e6 6. b3 Bd6 7. Bb2 O-O 8. c4
c6 9. Nbd2 Qe7 10. h3 Bxf3 11. Nxf3 Ne4 12. Ne5 f5 13. Bxe4 fxe4 14. f4 Nxe5
15. fxe5 Rxf1+ 16. Qxf1 Rf8 17. Qc1 Bb4 18. Qe3 Ba3 19. Bc3 Bb4 20. Bb2 Ba3 21.
Bc3 Bb4 1/2-1/2

[Event "Ann Arbor (MI Op/7)"]
[Site "?"]
[Date "1983.??.??"]
[Round "?"]
[White "Hahn, David"]
[Black "Jarosz, Stan"]
[Result "1-0"]
[WhiteElo "2135"]
[BlackElo "1970"]
[PlyCount "65"]
[EventDate "1983.??.??"]

1. e4 e6 2. Nf3 d5 3. Nc3 Nf6 4. Qe2 Be7 5. g3 O-O 6. Bg2 b6 7. O-O Bb7 8. e5
Nfd7 9. d3 c5 10. h4 Nc6 11. Bf4 a6 12. Rae1 b5 13. Qd2 Qa5 14. Qc1 b4 15. Nd1
Qxa2 16. h5 Rfc8 17. Ne3 f5 18. g4 d4 19. Nc4 fxg4 20. Ng5 Bxg5 21. Bxg5 Qa4
22. Nd6 Rc7 23. b3 Qa2 24. Nxb7 Ncxe5 25. Bf4 Rxb7 26. Bxb7 Nf3+ 27. Bxf3 gxf3
28. Rxe6 Rf8 29. Bd6 Rf5 30. Re8+ Nf8 31. Bxf8 Rxf8 32. Rxf8+ Kxf8 33. Qf4+ 1-0

[Event "East Detroit (MCO/4)"]
[Site "?"]
[Date "1983.??.??"]
[Round "?"]
[White "Hagerty, M.."]
[Black "Stacy, P.."]
[Result "1-0"]
[WhiteElo "1605"]
[BlackElo "1605"]
[PlyCount "57"]
[EventDate "1983.??.??"]

1. e4 d6 2. Nf3 Nf6 3. Nc3 g6 4. Be2 Bg7 5. O-O O-O 6. d3 c5 7. Be3 Nc6 8. Qd2
Ng4 9. Nd5 Nxe3 10. Qxe3 Nd4 11. Nxd4 Bxd4 12. Qg5 Bf6 13. Nxf6+ exf6 14. Qg3
Re8 15. f4 c4 16. f5 Qb6+ 17. Kh1 Qxb2 18. fxg6 fxg6 19. Qxd6 f5 20. Rae1 Qxc2
21. Qg3 b5 22. h4 Kf7 23. h5 Bb7 24. hxg6+ hxg6 25. Bh5 gxh5 26. Rxf5+ Ke7 27.
Qe5+ Kd8 28. Qd6+ Kc8 29. Rc5+ 1-0

[Event "East Detroit (MCO/2)"]
[Site "?"]
[Date "1983.??.??"]
[Round "?"]
[White "Hagerty, M.."]
[Black "Nowicki, B.."]
[Result "0-1"]
[WhiteElo "1605"]
[BlackElo "1605"]
[PlyCount "104"]
[EventDate "1983.??.??"]

1. d4 d5 2. c4 Nf6 3. Nc3 e6 4. Nf3 a6 5. e3 c6 6. Bd3 Be7 7. O-O dxc4 8. Bxc4
b5 9. Bd3 Bb7 10. Bd2 c5 11. Rc1 c4 12. Be2 Nbd7 13. a3 O-O 14. b4 Ne4 15. Nxe4
Bxe4 16. Ne1 f5 17. Bf3 Nf6 18. h3 Rc8 19. Bc3 Bd6 20. a4 Nd5 21. Ba1 Bxb4 22.
Bxe4 fxe4 23. Nc2 Ba5 24. Qg4 Qf6 25. Qxe4 Bd2 26. Rcd1 c3 27. axb5 axb5 28.
Na3 b4 29. Nb1 Qf5 30. Qxf5 exf5 31. Nxd2 cxd2 32. Rxd2 Rc4 33. Bb2 Ra8 34.
Rdd1 Rc2 35. Rb1 Ra2 36. Rfc1 Raxb2 37. Rxb2 Rxc1+ 38. Kh2 Rc4 39. Kg3 Kf7 40.
Kf3 Kf6 41. g4 g6 42. Ke2 Rc3 43. Kd2 Rc6 44. f3 Rb6 45. gxf5 gxf5 46. e4 fxe4
47. fxe4 Nc3 48. e5+ Ke6 49. Kd3 Nd5 50. Kc4 Rc6+ 51. Kd3 Rc3+ 52. Ke4 Re3# 0-1

[Event "East Detroit (MCO/6)"]
[Site "?"]
[Date "1983.??.??"]
[Round "?"]
[White "Hagerty, M.."]
[Black "Bolter, C.."]
[Result "0-1"]
[WhiteElo "1605"]
[BlackElo "1605"]
[PlyCount "82"]
[EventDate "1983.??.??"]

1. e4 c5 2. Nf3 a6 3. d4 cxd4 4. Nxd4 e5 5. Nf3 d6 6. Be2 Nf6 7. Nc3 Be7 8. Be3
O-O 9. O-O Nc6 10. Nd2 Nd4 11. f4 Nxe2+ 12. Nxe2 Ng4 13. Nc4 Nxe3 14. Nxe3 Qb6
15. Qd2 exf4 16. Nxf4 Bg5 17. Kh1 Be6 18. b3 Rae8 19. Rf3 Bh6 20. Raf1 Qc5 21.
Qf2 Bg5 22. Qg3 Bf6 23. c4 Be5 24. Qh4 Qd4 25. Nxe6 Rxe6 26. Rxf7 Bf6 27. Rxf8+
Kxf8 28. Ng4 Qd3 29. Qf2 Qxe4 30. h3 h5 31. Nh2 Ke7 32. Nf3 Qe2 33. Qxe2 Rxe2
34. Re1 Rxe1+ 35. Nxe1 Ke6 36. b4 Bc3 37. Nc2 Ke5 38. a4 Ke6 39. Na3 Bxb4 40.
Nc2 a5 41. Ne1 Bxe1 0-1

[Event "East Detroit (MCO/5)"]
[Site "?"]
[Date "1983.??.??"]
[Round "?"]
[White "Haakonstad, Olaf"]
[Black "Thornton, Ivan"]
[Result "1-0"]
[WhiteElo "1605"]
[BlackElo "1605"]
[PlyCount "50"]
[EventDate "1983.??.??"]

1. e4 e5 2. Nf3 Nc6 3. Bb5 Nf6 4. O-O Nd4 5. Ba4 b5 6. Nxd4 bxa4 7. Nf3 Nxe4 8.
Nxe5 Bd6 9. Qf3 Bxe5 10. Qxe4 Qf6 11. d4 d6 12. dxe5 dxe5 13. Qxa8 O-O 14. Qf3
Qg6 15. Na3 Bf5 16. Qg3 Qc6 17. Be3 Be4 18. f3 Bd5 19. c4 Bxc4 20. Rfc1 f5 21.
Qxe5 Re8 22. Qf4 Rxe3 23. Qxe3 f4 24. Qd4 Qb6 25. Qxb6 axb6 1-0

[Event "East Detroit (MCO/1)"]
[Site "?"]
[Date "1983.??.??"]
[Round "?"]
[White "Haakonstad, Olaf"]
[Black "Kell, M.."]
[Result "0-1"]
[WhiteElo "1605"]
[BlackElo "2010"]
[PlyCount "102"]
[EventDate "1983.??.??"]

1. e4 d5 2. exd5 Nf6 3. Bb5+ Bd7 4. Nc3 Bxb5 5. Nxb5 a6 6. Nc3 Nxd5 7. Nf3 e6
8. O-O Be7 9. d4 O-O 10. Ne4 Nd7 11. c4 N5f6 12. Qd3 c5 13. Bg5 h6 14. Nxf6+
Nxf6 15. Bf4 cxd4 16. Qxd4 Qxd4 17. Nxd4 Rfd8 18. Rfd1 Rac8 19. b3 Bc5 20. Nf3
Ne4 21. Be3 Bxe3 22. fxe3 Nc3 23. Rd2 Rxd2 24. Nxd2 Rd8 25. Nf3 Rd3 26. Kf2 f6
27. Nd4 Kf7 28. a3 e5 29. Nf5 Ne4+ 30. Kf3 Ng5+ 31. Ke2 Rxb3 32. a4 Ne4 33. a5
h5 34. Ng3 Nxg3+ 35. hxg3 Rb2+ 36. Kf3 Rb4 37. Rd1 Ke7 38. Rc1 Ra4 39. Rb1 e4+
40. Kxe4 Rxc4+ 41. Kd5 Ra4 42. Rxb7+ Kf8 43. Ke6 Re4+ 44. Kf5 Rxe3 45. Rb8+ Kf7
46. Rb7+ Kg8 47. Kf4 Re5 48. Ra7 Rxa5 49. g4 Ra4+ 50. Kf5 Rxg4 51. Rxa6 Rxg2
0-1

[Event "East Detroit (MCO/3)"]
[Site "?"]
[Date "1983.??.??"]
[Round "?"]
[White "Haakonstad, Olaf"]
[Black "Jackson, J.."]
[Result "0-1"]
[WhiteElo "1605"]
[BlackElo "1840"]
[PlyCount "86"]
[EventDate "1983.??.??"]

1. e4 e5 2. Nf3 f5 3. Nxe5 Nc6 4. Qh5+ g6 5. Nxg6 Nf6 6. Qh4 Rg8 7. Nxf8 Rg4 8.
Qh6 Rxe4+ 9. Be2 Qe7 10. O-O Rxe2 11. d3 Qxf8 12. Qh4 Re6 13. Bg5 Qg7 14. Nc3
Ne5 15. f4 Ng6 16. Bxf6 Rxf6 17. Rae1+ Re6 18. Qf2 c6 19. Qc5 Nxf4 20. Rxe6+
Nxe6 21. Qxf5 d5 22. Qh5+ Qg6 23. Qe5 Qg7 24. Rf6 Qe7 25. Qh5+ Kd8 26. Rf7 Qc5+
27. Kh1 Qe3 28. Qh4+ Ng5 29. Rf8+ Kc7 30. Qg3+ Qxg3 31. hxg3 b6 32. Rg8 Ne6 33.
Rh8 Nd4 34. Rxh7+ Bd7 35. g4 Rg8 36. Nd1 Nxc2 37. Nf2 Ne3 38. Re7 Nxg4 39. Nxg4
Rxg4 40. Kh2 Kd6 41. Re3 Rd4 42. Rg3 Bf5 43. Rg7 a5 0-1

[Event "East Detroit (MCO/3)"]
[Site "?"]
[Date "1983.??.??"]
[Round "?"]
[White "Groeller, W.."]
[Black "Winfield, J.."]
[Result "1-0"]
[WhiteElo "2035"]
[BlackElo "1710"]
[PlyCount "91"]
[EventDate "1983.??.??"]

1. e4 e5 2. Nf3 Nc6 3. Bb5 d6 4. d4 exd4 5. Qxd4 Bd7 6. Bxc6 Bxc6 7. Nc3 Nf6 8.
Bg5 Be7 9. O-O-O Ng4 10. Qxg7 Bxg5+ 11. Nxg5 Qf6 12. Qxf6 Nxf6 13. g3 Rg8 14.
Nh3 O-O-O 15. f3 d5 16. exd5 Nxd5 17. Nxd5 Rxd5 18. Rxd5 Bxd5 19. Rf1 Re8 20.
Kd2 a5 21. a3 Be6 22. Nf4 Bc4 23. Re1 Rd8+ 24. Kc3 Bd5 25. Nxd5 Rxd5 26. Re2
Rf5 27. f4 Kd7 28. Kd4 f6 29. Ke4 Rc5 30. Kf3 h5 31. g4 a4 32. gxh5 Rxh5 33.
Kg4 Rh6 34. h4 b5 35. h5 c6 36. Re3 Kd6 37. Re8 Kd7 38. Rg8 Ke6 39. Rg6 Rh7 40.
h6 c5 41. Kh5 Kf7 42. f5 Rh8 43. Rg7+ Ke8 44. Kg6 b4 45. c3 Kf8 46. axb4 1-0

[Event "East Detroit (MCO/2)"]
[Site "?"]
[Date "1983.??.??"]
[Round "?"]
[White "Groeller, W.."]
[Black "Molenda, E.."]
[Result "1-0"]
[WhiteElo "2035"]
[BlackElo "1625"]
[PlyCount "34"]
[EventDate "1983.??.??"]

1. e4 Nf6 2. e5 Nd5 3. d4 d6 4. Nf3 dxe5 5. Nxe5 Nd7 6. Nf3 g6 7. c4 N5b6 8.
Be2 Bg7 9. O-O O-O 10. Nc3 c5 11. Be3 cxd4 12. Bxd4 e5 13. Be3 Qc7 14. Qb3 Nc5
15. Qb5 e4 16. Bxc5 exf3 17. Bxf3 Re8 1-0

[Event "East Detroit (MCO/5)"]
[Site "?"]
[Date "1983.??.??"]
[Round "?"]
[White "Groeller, W.."]
[Black "Harrold, Alvin"]
[Result "1-0"]
[WhiteElo "2035"]
[BlackElo "1820"]
[PlyCount "61"]
[EventDate "1983.??.??"]

1. e4 e6 2. d4 d5 3. Nc3 Bb4 4. e5 c5 5. a3 Bxc3+ 6. bxc3 Nc6 7. a4 Nge7 8. Nf3
Qa5 9. Qd2 Bd7 10. Be2 h6 11. O-O Nf5 12. Rd1 cxd4 13. cxd4 Qxd2 14. Rxd2 Rc8
15. g4 Nfe7 16. a5 h5 17. h3 hxg4 18. hxg4 Nb4 19. Bd1 Bb5 20. Rb1 Nec6 21. Ba3
Nxc2 22. Bxc2 Nxa5 23. Rxb5 Nc4 24. Rxb7 Nxa3 25. Ba4+ Kf8 26. Rdb2 g6 27. Rxa7
Rc1+ 28. Kg2 Rhh1 29. Rbb7 Nc4 30. Rxf7+ Kg8 31. Rfe7 1-0

[Event "East Detroit (MCO/5)"]
[Site "?"]
[Date "1983.??.??"]
[Round "?"]
[White "Griffore, G.."]
[Black "Hagerty, M.."]
[Result "1-0"]
[WhiteElo "1605"]
[BlackElo "1605"]
[PlyCount "57"]
[EventDate "1983.??.??"]

1. e4 c5 2. Nf3 d6 3. d4 cxd4 4. Nxd4 Nf6 5. Nc3 e6 6. Be3 a6 7. Be2 Be7 8. f3
O-O 9. Qd2 Re8 10. O-O-O Qc7 11. g4 Nc6 12. h4 e5 13. Nb3 Be6 14. Kb1 Nd7 15.
g5 b5 16. h5 b4 17. Nd5 Bxd5 18. exd5 Na5 19. g6 Nc4 20. gxh7+ Kh8 21. Bxc4
Qxc4 22. Na5 Qc7 23. Nc6 a5 24. Rdg1 Bf6 25. Bg5 b3 26. cxb3 a4 27. b4 e4 28.
Bxf6 Nxf6 29. Qg5 1-0

[Event "East Detroit (MCO/1)"]
[Site "?"]
[Date "1983.??.??"]
[Round "?"]
[White "Griffore, G.."]
[Black "Franke, R.."]
[Result "0-1"]
[WhiteElo "1605"]
[BlackElo "1845"]
[PlyCount "50"]
[EventDate "1983.??.??"]

1. e4 c5 2. Nf3 d6 3. d4 cxd4 4. Nxd4 Nf6 5. Nc3 a6 6. f3 Nc6 7. Be3 g6 8. Qd2
Bg7 9. O-O-O O-O 10. Be2 Bd7 11. Bh6 Nxd4 12. Bxg7 Nxe2+ 13. Qxe2 Kxg7 14. h4
h5 15. e5 dxe5 16. Qxe5 Kh7 17. Rd4 Qb6 18. Ne4 Nxe4 19. Qxe4 Bf5 20. Qf4 Rac8
21. Rd2 Rfd8 22. Rhd1 Rxc2+ 23. Rxc2 Rxd1+ 24. Kxd1 Qg1+ 25. Kd2 Qxg2+ 0-1

[Event "East Detroit (MCO/3)"]
[Site "?"]
[Date "1983.??.??"]
[Round "?"]
[White "Griffore, G.."]
[Black "Brattin, Vincent"]
[Result "0-1"]
[WhiteElo "1605"]
[BlackElo "1750"]
[PlyCount "102"]
[EventDate "1983.??.??"]

1. e4 e5 2. Nf3 Nc6 3. Bc4 Nf6 4. O-O Bc5 5. c3 d6 6. d4 Bb6 7. dxe5 dxe5 8.
Qxd8+ Kxd8 9. Ng5 Ke7 10. Nxf7 Rf8 11. b3 Rxf7 12. Bxf7 Kxf7 13. Be3 Bxe3 14.
fxe3 Ke7 15. Nd2 Be6 16. h3 Rd8 17. Rf2 Rd3 18. Rc1 Rxe3 19. Rf3 Rxf3 20. gxf3
Bxh3 21. Kf2 Be6 22. Rh1 a5 23. Ke3 h5 24. Rg1 Kf7 25. a3 b5 26. Rg5 g6 27. a4
bxa4 28. bxa4 Nd7 29. f4 Kf6 30. Rg1 exf4+ 31. Kxf4 Nc5 32. Rf1 Nxa4 33. e5+
Ke7 34. Rf3 Bf5 35. Nf1 Ke6 36. Re3 Ne7 37. c4 Nb6 38. Kg5 Nxc4 39. Rc3 Nxe5
40. Rxc7 Nf3+ 41. Kh6 Kf6 42. Ra7 Ng8+ 43. Kh7 Be6 44. Rxa5 Ng5+ 45. Kh8 Nh6
46. Rxg5 Kxg5 47. Kg7 Nf5+ 48. Kf8 Kf6 49. Ke8 h4 50. Kd8 g5 51. Kc7 g4 0-1

[Event "East Detroit (MCO/1)"]
[Site "?"]
[Date "1983.??.??"]
[Round "?"]
[White "Griffin, John"]
[Black "Small, L.."]
[Result "0-1"]
[WhiteElo "1605"]
[BlackElo "2075"]
[PlyCount "88"]
[EventDate "1983.??.??"]

1. d4 Nf6 2. c4 e6 3. g3 c5 4. d5 d6 5. Nc3 exd5 6. cxd5 a6 7. a4 Be7 8. Bg2
O-O 9. Nf3 Qa5 10. Nd2 Nbd7 11. Qc2 Ne5 12. b3 Bd7 13. Bb2 Rfc8 14. Nc4 Qc7 15.
O-O b5 16. Nxe5 dxe5 17. axb5 Bd6 18. Ra2 axb5 19. Rfa1 Rxa2 20. Rxa2 Qb7 21.
Ne4 Nxe4 22. Qxe4 f5 23. Qb1 Ra8 24. e4 Rxa2 25. Qxa2 fxe4 26. Bxe4 Be8 27. Qa1
Qc7 28. Qb1 h6 29. Qd3 c4 30. bxc4 Qxc4 31. Qxc4 bxc4 32. Bc3 Kf8 33. Kf1 g5
34. Ke2 Ke7 35. Bg2 Bg6 36. g4 Bd3+ 37. Ke1 e4 38. h3 Bf4 39. Bf1 Kd6 40. Bxd3
exd3 41. Bg7 Kxd5 42. Bxh6 c3 43. Bg7 c2 44. Bb2 d2+ 0-1

[Event "East Detroit (MCO/3)"]
[Site "?"]
[Date "1983.??.??"]
[Round "?"]
[White "Griffin, John"]
[Black "Prusaitis, William"]
[Result "1/2-1/2"]
[WhiteElo "1605"]
[BlackElo "1820"]
[PlyCount "145"]
[EventDate "1983.??.??"]

1. d4 Nf6 2. c4 e6 3. g3 Bb4+ 4. Bd2 Bxd2+ 5. Qxd2 Ne4 6. Qc2 d5 7. Nc3 Nxc3 8.
Qxc3 Nd7 9. Bg2 c6 10. b3 O-O 11. Nf3 Qe7 12. O-O b6 13. cxd5 cxd5 14. e3 Ba6
15. Rfd1 Rfc8 16. Qb2 Rc7 17. Rac1 Rac8 18. Rxc7 Rxc7 19. Rc1 Nb8 20. Ne5 f6
21. Nf3 Nc6 22. Ne1 Qf8 23. Rc3 Rc8 24. a3 Na5 25. Rxc8 Qxc8 26. Nc2 Be2 27.
Bf1 Bxf1 28. Kxf1 Qa6+ 29. Ke1 Qd3 30. Nb4 Qxb3 31. Qxb3 Nxb3 32. Nc6 a5 33.
Kd1 a4 34. Kc2 Kf7 35. Kc3 Na5 36. Na7 g5 37. Nc8 Nc4 38. Kb4 Ke8 39. Kxa4 Kd7
40. Na7 g4 41. Nb5 Nd2 42. Nc3 Kc6 43. Ne2 e5 44. Ng1 h5 45. dxe5 fxe5 46. Kb4
Ne4 47. f3 Nd2 48. f4 exf4 49. exf4 Nf3 50. Ne2 d4 51. Kc4 b5+ 52. Kd3 Kd5 53.
f5 Ne5+ 54. Kd2 Ke4 55. f6 Nc4+ 56. Ke1 Ne5 57. Nf4 Ke3 58. Nd5+ Kf3 59. Kd2
Kg2 60. Nf4+ Kxh2 61. Nxh5 Kg2 62. f7 Nxf7 63. Kd3 Nd6 64. Kxd4 Nf5+ 65. Ke4
Nxg3+ 66. Kf4 Nxh5+ 67. Kxg4 Kf2 68. Kf5 Ke3 69. Ke5 Nf4 70. Kd6 Ne2 71. Kc5
Nd4 72. Kb4 Kd3 73. a4 1/2-1/2

[Event "East Detroit (MCO/6)"]
[Site "?"]
[Date "1983.??.??"]
[Round "?"]
[White "Griffin, John"]
[Black "Kellogg, S.."]
[Result "1-0"]
[WhiteElo "1605"]
[BlackElo "1605"]
[PlyCount "89"]
[EventDate "1983.??.??"]

1. d4 Nf6 2. c4 g6 3. Nc3 d6 4. g3 Bg7 5. Bg2 c6 6. Nf3 O-O 7. O-O Kh8 8. h3
Bd7 9. e4 Qc8 10. Kh2 Be8 11. Be3 a6 12. a4 Nbd7 13. Qd2 b5 14. axb5 cxb5 15.
cxb5 axb5 16. b4 Ra6 17. Rfc1 Qa8 18. Rxa6 Qxa6 19. e5 Ng8 20. exd6 exd6 21.
Ng5 Nb6 22. Qa2 Qxa2 23. Nxa2 h6 24. Ne4 Nc4 25. Bf4 g5 26. Bxd6 Nxd6 27. Nxd6
Bxd4 28. Rc8 Nf6 29. Bc6 Kg7 30. Nf5+ Kg6 31. Nxd4 h5 32. Bxb5 h4 33. Bd3+ Kh5
34. Nf5 g4 35. Ng7+ Kh6 36. Nxe8 hxg3+ 37. fxg3 gxh3 38. Bf5 Rh8 39. Nxf6 Rxc8
40. Bxc8 Kg6 41. b5 Kxf6 42. b6 Ke5 43. b7 f5 44. b8=Q+ Ke4 45. Qf4+ 1-0

[Event "Ann Arbor (MI Op/3)"]
[Site "?"]
[Date "1983.??.??"]
[Round "?"]
[White "Gregor, P.."]
[Black "Zumbrunnen, R.."]
[Result "1-0"]
[WhiteElo "2220"]
[BlackElo "2120"]
[PlyCount "127"]
[EventDate "1983.??.??"]

1. e4 c5 2. Nc3 Nc6 3. g3 g6 4. Bg2 Bg7 5. Nge2 d6 6. O-O Be6 7. d3 Qd7 8. Nf4
Bg4 9. f3 Bd4+ 10. Kh1 Be6 11. Nxe6 Qxe6 12. Nd5 O-O-O 13. c3 Bg7 14. a3 Qd7
15. Bd2 e6 16. Ne3 d5 17. exd5 exd5 18. Nc2 d4 19. c4 Ne5 20. Ne1 h5 21. h3 Bh6
22. f4 Nc6 23. b4 b6 24. bxc5 bxc5 25. Rb1 Nge7 26. Qa4 Qd6 27. Rf2 Kd7 28.
Rb7+ Ke6 29. Nf3 f6 30. Nh4 Rb8 31. Re2+ Kf7 32. Qxc6 Qxc6 33. Bxc6 Rxb7 34.
Bxb7 Rb8 35. Bf3 Rb3 36. f5 g5 37. Bxh5+ Kf8 38. Ng6+ Nxg6 39. Bxg6 Rxd3 40.
Kg2 Rxa3 41. h4 Ra2 42. Kf1 d3 43. Rf2 Ra4 44. hxg5 Bxg5 45. Bxg5 fxg5 46. f6
Rxc4 47. Bxd3 Rc3 48. Ke2 c4 49. Bg6 Rb3 50. Kd1 Rb6 51. Kc2 a5 52. Kc3 Rc6 53.
Be4 Re6 54. Kd4 c3 55. Bc2 Rc6 56. Ke5 Rb6 57. Rf3 Rb5+ 58. Ke6 Rb6+ 59. Kf5
Kf7 60. Kxg5 Rb5+ 61. Kh6 Rb6 62. Bg6+ Kf8 63. Re3 Rb8 64. f7 1-0

[Event "Ann Arbor (MI Op/1)"]
[Site "?"]
[Date "1983.??.??"]
[Round "?"]
[White "Gregor, P.."]
[Black "VanCamp, W.."]
[Result "1-0"]
[WhiteElo "2220"]
[BlackElo "2030"]
[PlyCount "81"]
[EventDate "1983.??.??"]

1. e4 c5 2. Nf3 Nc6 3. d4 cxd4 4. Nxd4 e5 5. Nxc6 bxc6 6. c4 Nf6 7. Nc3 Bb4 8.
Qc2 h6 9. Be2 O-O 10. O-O Qe7 11. Na4 d5 12. a3 Bd6 13. cxd5 cxd5 14. exd5 Nxd5
15. Bf3 Be6 16. Qd3 e4 17. Bxe4 Rad8 18. g3 Nf6 19. Bg2 Qc7 20. Qc3 Qb8 21. Re1
Rfe8 22. Be3 Be5 23. Qa5 Bd4 24. Bxd4 Rxd4 25. Nc5 Bd5 26. Rxe8+ Qxe8 27. Bxd5
Rxd5 28. Qxa7 Rd2 29. Na4 Ng4 30. Rf1 Re2 31. Qa6 Re6 32. Qa5 Re5 33. Nc5 Rh5
34. h4 Qb8 35. Rd1 Qxb2 36. Qa8+ Kh7 37. Qe4+ f5 38. Qf3 Nf6 39. Ne6 f4 40.
Nxf4 Ra5 41. Qd3+ 1-0

[Event "Southfield (MEX/2)"]
[Site "?"]
[Date "1983.??.??"]
[Round "?"]
[White "Gregor, P.."]
[Black "Small, L.."]
[Result "1-0"]
[WhiteElo "2195"]
[BlackElo "2040"]
[PlyCount "103"]
[EventDate "1983.??.??"]

1. e4 c5 2. f4 Nf6 3. Nc3 d5 4. e5 d4 5. exf6 dxc3 6. fxg7 cxd2+ 7. Bxd2 Bxg7
8. c3 a6 9. Qh5 Qc7 10. Bc4 e6 11. Nf3 b5 12. Bb3 c4 13. Bc2 Bb7 14. O-O Nd7
15. Ng5 Nf6 16. Nxe6 Qb6+ 17. Qc5 Qxc5+ 18. Nxc5 Bc6 19. Rae1+ Kd8 20. f5 Bf8
21. Ne4 Bxe4 22. Bxe4 Bc5+ 23. Kh1 Nxe4 24. Rxe4 Ra7 25. Bg5+ Kc8 26. g3 Rd7
27. Rfe1 Kb7 28. R1e2 Rg8 29. Be7 Bxe7 30. Rxe7 Rgd8 31. Kg2 Kc6 32. Kh3 Rxe7
33. Rxe7 Rd2 34. Rxf7 Rxb2 35. Rxh7 b4 36. cxb4 c3 37. Rh8 Kd7 38. Rh4 Rxa2 39.
Rc4 c2 40. g4 Rb2 41. Kh4 Ke7 42. Kg5 c1=Q+ 43. Rxc1 Rxb4 44. Rc6 Re4 45. Rxa6
Rb4 46. Ra7+ Kf8 47. f6 Rc4 48. Kf5 Rc5+ 49. Kg6 Rc8 50. Rf7+ Kg8 51. Rg7+ Kh8
52. Rh7+ 1-0

[Event "Southfield (MEX/4)"]
[Site "?"]
[Date "1983.??.??"]
[Round "?"]
[White "Gregor, P.."]
[Black "Puls, M.."]
[Result "1-0"]
[WhiteElo "2195"]
[BlackElo "2145"]
[PlyCount "61"]
[EventDate "1983.??.??"]

1. e4 e6 2. d4 d5 3. Nd2 Nf6 4. e5 Nfd7 5. Bd3 c5 6. c3 Nc6 7. Ne2 Qb6 8. Nf3
cxd4 9. cxd4 f6 10. exf6 Nxf6 11. O-O Bd6 12. Re1 O-O 13. Nf4 Bd7 14. g3 Rae8
15. Be3 Qd8 16. Ng5 h6 17. Nf3 Ng4 18. Ng6 Rf6 19. Bf4 Bxf4 20. Nxf4 Nxd4 21.
Nxd4 e5 22. Nxd5 Nxf2 23. Nxf6+ Qxf6 24. Bc4+ Kh8 25. Qe2 Nh3+ 26. Kg2 Qg6 27.
Qe4 Qh5 28. Nf3 Nf4+ 29. gxf4 exf4 30. Qxf4 Qg6+ 31. Kh1 1-0

[Event "Ann Arbor (MI Op/5)"]
[Site "?"]
[Date "1983.??.??"]
[Round "?"]
[White "Gregor, P.."]
[Black "Knecht, Mark"]
[Result "1/2-1/2"]
[WhiteElo "2220"]
[BlackElo "2090"]
[PlyCount "93"]
[EventDate "1983.??.??"]

1. e4 e5 2. Nf3 Nc6 3. Bb5 a6 4. Ba4 Nf6 5. O-O Be7 6. Re1 b5 7. Bb3 O-O 8. d4
d6 9. c3 Bg4 10. d5 Na5 11. Bc2 c6 12. h3 Bxf3 13. Qxf3 Nc4 14. Nd2 cxd5 15.
exd5 Nb6 16. Nf1 Nbxd5 17. Ng3 g6 18. Bh6 Re8 19. Rad1 Nc7 20. Rxe5 dxe5 21.
Rxd8 Raxd8 22. Nf5 Bf8 23. Bg5 e4 24. Qg3 Ncd5 25. Bb3 Rd7 26. Qh4 Re5 27. Ng3
Bg7 28. Bxd5 Nxd5 29. Nxe4 f5 30. Nc5 Rd6 31. Nb3 f4 32. Qg4 h6 33. Qc8+ Kh7
34. Qc5 Rd7 35. Qc6 Rc7 36. Qxa6 Rxg5 37. Nd4 Bxd4 38. cxd4 f3 39. g3 Rh5 40.
h4 Nf4 41. Kh2 Ne2 42. Qd6 Rf7 43. Qe6 Rhf5 44. d5 g5 45. h5 g4 46. Qg6+ Kh8
47. a3 1/2-1/2